Central Library OPAC University of Rajshahi

Challenge to the poles : (Record no. 23417)

MARC details
000 -LEADER
fixed length control field 00867cam a22002651a 4500
001 - CONTROL NUMBER
control field 23417
003 - CONTROL NUMBER IDENTIFIER
rucl marc code BD-RjUL
005 - DATE AND TIME OF LATEST TRANSACTION
control field 20211209000928.0
008 - FIXED-LENGTH DATA ELEMENTS--GENERAL INFORMATION
fixed length control field 140310s1964 ctuabc 001 0 eng
035 ## - SYSTEM CONTROL NUMBER
System control number (BD-RjUL)23482
System control number (OCoLC)1581242
040 ## - CATALOGING SOURCE
Original cataloging agency DLC
Transcribing agency MBNU
Modifying agency O
-- NcGU
-- DLC
-- BD-RjUL
Language of cataloging eng
041 ## - LANGUAGE CODE
Language code of text/sound track or separate title eng
082 ## - DEWEY DECIMAL CLASSIFICATION NUMBER
Classification number 629.130998
Author mark and year GRC
100 1# - MAIN ENTRY--PERSONAL NAME
Personal name Grierson, John,
Dates associated with a name 1909-1977.
9 (RLIN) 72122
245 10 - TITLE STATEMENT
Title Challenge to the poles :
Remainder of title highlights of Arctic and Antarctic aviation /
Statement of responsibility, etc. John Grierson ; with foreword by Charles A. Lindbergh.
260 ## - PUBLICATION, DISTRIBUTION, ETC. (IMPRINT)
Place of publication, distribution, etc. Hamden, Conn. :
Name of publisher, distributor, etc. Archon Books,
Date of publication, distribution, etc. c1964.
300 ## - PHYSICAL DESCRIPTION
Pagination 695 p. :
Illustrations ill., ports., maps ;
Size 23 cm.
504 ## - BIBLIOGRAPHY, ETC. NOTE
Bibliography, etc Includes index.
650 #0 - SUBJECT ADDED ENTRY--TOPICAL TERM
Topical term or geographic name as entry element Aeronautics
Geographic subdivision Polar regions.
9 (RLIN) 72123
651 #0 - SUBJECT ADDED ENTRY--GEOGRAPHIC NAME
Geographic name Polar regions
General subdivision Aerial exploration.
9 (RLIN) 72124
942 ## - ADDED ENTRY ELEMENTS (KOHA)
Source of classification or shelving scheme Dewey Decimal Classification
Koha item type Books
Holdings
Lost status Source of classification or shelving scheme Damaged status Not for loan Collection code Permanent Location Current Location Shelving location Date acquired Source of acquisition Cost, normal purchase price Total Checkouts Full call number Date last seen Copy number Koha item type
  Dewey Decimal Classification   Added to bundle Non-fiction Central Library, University of Rajshahi Central Library, University of Rajshahi Reading Room 16/06/1967 Asia Foundation 0.00   629.130998 GRC 1964 10/03/2014 C-1 Books